| Registos Bibliográficos associados ao registo de autoridade |
|
Etiqueta de registo: 00594cam 2200205 450 001 1099702 003 http://id.bnportugal.gov.pt/bib/catbnp/1099702 005 20030207133800.0 010 ## $a972-98158-4-4 021 ## $aPT$b185323/02 100 ## $a20030207d2002 mk y0pory0103 ba 101 0# $apor 102 ## $aPT 105 ## $aa z 001yy 106 ## $ar 200 1# $aMemórias de um projecto$econtributos para a acção$eprojecto formar os jovens para o desenvolvimento$fPaulo Manuel Costa 210 #9 $aLisboa$cCidac,$d2002 215 ## $a112 p.$cil.$d21 cm 675 ## $a377(469)"1997/2002"$31157009 675 ## $a37.03(469)"1997/2002"$31157010 700 #1 $aCosta,$bPaulo Manuel$3267259 900 ## $aBIBNAC$d20130602 966 ## $lBN$mFGMON$sS.C. 96814 V.$x1 966 ## $lBN$mFGMON$sS.C. 96814 V.$x1
Etiqueta de registo: 00230nam 2200025 450 001 1841713 003 http://id.bnportugal.gov.pt/bib/catbnp/1841713 010 ## $a978-972-31-1454-6 021 ## $aPT$b348719/12 100 ## $a20130611d2012 k a0pory0103 ba 101 0# $apor$deng 102 ## $aPT 105 ## $aa v 000yy 106 ## $ar 200 1# $aComunidade política, imigração e coesão social$e o caso português$fPaulo Manuel Costa 210 #9 $aLisboa$cFundação Calouste Gulbenkian$cFundação para a Ciência e a Tecnologia,$d2012 215 ## $a375 p.$cil.$d23 cm 225 2# $aTextos universitários de ciências sociais e humanas 300 ## $aOrig.: Tese dout. Ciências Políticas (Ciência Política), Univ. Aberta, 2010 320 ## $aBibliografia, p. 329-375 675 ## $a342.72(469)$vBN$zpor$31241550 675 ## $a314.74(469)$vBN$zpor$31219687 675 ## $a316.45(469)$vBN$zpor$31487137 675 ## $a316.7(469)$vBN$zpor$3336733 700 #1 $aCosta,$bPaulo Manuel$3267259 801 #0 $aPT$bBN$gRPC 856 41 $uhttp://rnod.bnportugal.gov.pt/ImagesBN/winlibimg.aspx?skey=&doc=1841713&img=27918&save=true 900 ## $aBIBNAC$d20130716 966 ## $lBN$mFGMON$sS.C. 134204 V.$x1 966 ## $lBN$mFGMON$sS.C. 134204 V.-D$x1
Etiqueta de registo: 00230nam 2200025 450 001 1800122 003 http://id.bnportugal.gov.pt/bib/catbnp/1800122 100 ## $a20120112d2010 k y0pory0103 ba 101 0# $apor$deng 102 ## $aPT 105 ## $aa m 000yy 106 ## $ar 200 1# $aComunidade política, imigração e coesão social$e o caso português$fPaulo Manuel Abreu da Silva Costa$gorient. João Cardoso Rosas, Ana Paula Beja Horta 210 #9 $a[S.l.$cs.n.],$d2010 215 ## $aXV, 480 p.$cil.$d30 cm$ecurriculum vitae (31 f.) 215 ## $a1 disco óptico (CD-ROM) em bolsa$cil.$d13 x 14 cm 305 ## $aEd. impressa e em CD-ROM 320 ## $aContém bibliografia 328 #1 $aTese dout. Ciências Políticas (Ciência Política),Univ. Aberta, 2010 675 ## $a342.72(469)(043)$vBN$zpor$31273498 675 ## $a314.74(469)(043)$vBN$zpor$31404589 675 ## $a316.45(469)(043)$vBN$zpor$31210943 675 ## $a316.7(469)(043)$vBN$zpor$31347026 700 #1 $aCosta,$bPaulo Manuel$3267259 702 #1 $aRosas,$bJoão Cardoso$4727$3435540 702 #1 $aHorta,$bAna Paula Beja$4727$31061634 801 #0 $aPT$bBN$gRPC 966 ## $lBN$mDEM$sS.C. 41126 P.$x1 966 ## $lBN$mFGMON$sS.C. 130702 V.$x1
Etiqueta de registo: 00230nam 2200025 450 001 1730036 003 http://id.bnportugal.gov.pt/bib/catbnp/1730036 010 ## $a978-972-51-1135-2 021 ## $aPT$b268868/07 100 ## $a20091116d2007 km y0pory0103 ba 101 0# $apor 102 ## $aPT 105 ## $ay n 001yy 106 ## $ar 200 1# $aLegislação de introdução ao direito do ambiente$f[ed. lit.] Paulo Manuel Costa 210 #9 $aLisboa$cRei dos Livros,$d2007 215 ## $a183 p.$d24 cm 675 ## $a349.6(469)(094.4)$vBN$zpor$3959168 702 #1 $aCosta,$bPaulo Manuel$4340$3267259 710 01 $aPortugal.$376824 801 #0 $aPT$bBN$gRPC 900 ## $aBIBNAC$d20091228 966 ## $lBN$mFGMON$sS.C. 119571 V.$x1
Etiqueta de registo: 00230nam 2200025 450 001 1383146 003 http://id.bnportugal.gov.pt/bib/catbnp/1383146 010 ## $a972-771-753-5 021 ## $aPT$b218149/04 100 ## $a20061017d2004 m y0pory0103 ba 101 0# $apor 102 ## $aPT 105 ## $aa z 001yy 106 ## $ar 200 1# $aPolíticas de imigração e as novas dinâmicas da cidadania em Portugal$fPaulo Manuel Costa 210 #9 $aLisboa$cInstituto Piaget,$dD.L. 2004 215 ## $a229, [4] p.$cil.$d24 cm 225 2# $aEpistemologia e sociedade$v224 606 ## $aCidadania$yPortugal$z1974-2003$2SIPOR$31304194 607 ## $aPortugal$xPolítica de imigração$z1974-2003$2SIPOR$31304195 675 ## $a314.74(469)"1974/2003"$vBN$zpor$31304196 675 ## $a314.15(469)"1974/2003"$vBN$zpor$31304197 675 ## $a304.4-054.7(469)"1974/2003"$vBN$zpor$31304198 675 ## $a342.71-054.7(469)"1974/2003"$vBN$zpor$31304199 700 #1 $aCosta,$bPaulo Manuel$3267259 801 #0 $aPT$bBN$gRPC 900 ## $aBIBNAC$d20130602 966 ## $lBN$mFGMON$sS.C. 108774 V.$x1 966 ## $lBN$mFGMON$sS.C. 108774 V.-D $x1
Etiqueta de registo: 01018cam 2200349 450 001 708231 003 http://id.bnportugal.gov.pt/bib/catbnp/708231 005 19990107000000.0 010 ## $a972-47-0978-7 021 ## $aPT$b107991/97 095 ## $aPTBN00921965 100 ## $a19971003d1997 m y0pory0103 ba 101 1# $apor$cfre 102 ## $aPT 105 ## $aa z 001yy 106 ## $ar 200 1# $aRacismo$fJacques Tarnero$gcolab. S.O.S. Racismo$gtrad. Maria João Fontaínhas$gadapt. Paulo Manuel Costa 205 ## $a1ª ed 210 #9 $aLisboa$cTexto,$d1997 215 ## $a63, [1] p.$cil.$d18 cm 225 2# $aBiblioteca universal 304 ## $aTít. orig.: Le racisme 606 ## $2SIPOR$322516 675 ## $a323.1$vBN$zpor$3291774 700 #1 $aTarnero,$bJacques$3267258 702 #1 $aFontaínhas,$bMaria João$4730$367579 702 #1 $aCosta,$bPaulo Manuel$4010$3267259 712 02 $aSOS Racismo$4070$368983 801 #0 $aPT$bBN$gRPC 966 ## $c2$lBN$mFGMON$sS.C. 33713 P.$x1 966 ## $c2$lBN$mFGMON$sS.C. 33713 P.$x1
Etiqueta de registo: 00891cam 2200301 450 001 973540 003 http://id.bnportugal.gov.pt/bib/catbnp/973540 005 19990624000000.0 010 ## $a972-24-1013-X 021 ## $aPT$b116845/97 095 ## $aPTBN00982354 100 ## $a19980421d1997 m y0pory0103 ba 101 0# $apor$aeng 102 ## $aPT 105 ## $ay n 001yy 106 ## $ar 200 1# $aMacau e Hong Kong, que futuro?$fJoaquim Pintado Nunes, Paulo Manuel Costa 210 #9 $aLisboa$cLivros Horizonte,$dcop. 1997 215 ## $a160 p.$d24 cm 675 ## $a342.4(469+510)(094.5)$vBN$zpor$3875744 675 ## $a351(512.317)(094.5)$vBN$zpor$3875745 675 ## $a351(512.318)(094.5)$vBN$zpor$3625545 700 #1 $aNunes,$bJoaquim Pintado$3254518 701 #1 $aCosta,$bPaulo Manuel$4070$3267259 801 #0 $aPT$bBN$gRPC 966 ## $c2$lBN$mFGMON$sS.C. 78991 V.$x1 966 ## $c2$lBN$mFGMON$sS.C. 78991 V.$x1
Etiqueta de registo: 00704cam 2200241 450 001 1018376 003 http://id.bnportugal.gov.pt/bib/catbnp/1018376 005 20000626172400.0 010 ## $a972-51-0802-7 021 ## $aPT$b128685/98 100 ## $a20000403d1999 m y0pory0103 ba 101 0# $apor 102 ## $aPT 105 ## $ay n 001yy 106 ## $ar 200 1# $aRegime jurídico de entrada e permanência de estrangeiros$eanotado e comentado$fPaulo Manuel Costa 210 #9 $aLisboa$cRei dos Livros,$d1999 215 ## $a304, [1] p.$d23 cm 675 ## $a341.2(469)(094.9)$vBN$zpor$3948381 675 ## $a343.2(469)(094.9)$vBN$zpor$3947886 702 #1 $aCosta,$bPaulo Manuel$4020$3267259 740 #1 $aPortugal.$tLeis, decretos, etc.$31483314 966 ## $lBN$mFGMON$sS.C. 85186 V.$x1
Etiqueta de registo: 00899cam 02200277 04500 001 1004496 003 http://id.bnportugal.gov.pt/bib/catbnp/1004496 005 20000209103800.0 021 ## $aPT$b120670/98 100 ## $a19991202d1998 k y0pory0103 ba 101 0# $apor 102 ## $aPT 105 ## $ay s 001yy 106 ## $ar 200 1# $aColectânea de direito de estrangeiros$einclui normas anti-discriminatórias$fAnizabela Amaral, Joaquim Pintado Nunes, Paulo Manuel Costa 210 #9 $aLisboa$cSOS Racismo,$dD.L. 1998 215 ## $a715, [2] p.$d23 cm 675 ## $a342.7(094.2)$vBN$zpor$3834712 675 ## $a341.2-05(094.2)$vBN$zpor$3917595 675 ## $a323.1-05(094.2)$vBN$zpor$3917596 675 ## $a316.347-05(094.2)$vBN$zpor$3917597 702 #1 $aAmaral,$bAnizabela$4220$3916739 702 #1 $aNunes,$bJoaquim Pintado$4220$3254518 702 #1 $aCosta,$bPaulo Manuel$4220$3267259 966 ## $lBN$mFGMON$sS.C. 82924 V.$x1 966 ## $lBN$mFGMON$sS.C. 82924 V.$x1
Etiqueta de registo: 00254nam 2200025 450 001 2287647 003 http://id.bnportugal.gov.pt/bib/catbnp/2287647 100 ## $a20260609d2025 k y0pory01030103ba 101 0# $apor$deng$dspa 102 ## $aPT 105 ## $ay m 000yy 106 ## $ar 200 1# $a A tutela dos direitos dos deslocados internos por razões ambientais em Cabo Delgado-Moçambique
(2019-2021)$fAna Lúcia César Machanguia$gorient. Paulo Manuel Abreu da Silva Costa, Lúcio Manuel Gomes de Sousa 210 #9 $aLisboa$c[s.n.],$d2025 215 ## $aXX, 242 p.$d30 cm 700 #1 $aMachanguia,$bAna Lúcia César $32000260 702 #1 $aCosta,$bPaulo Manuel$4727$3267259 702 #1 $aSousa,$bLúcio Manuel Gomes de$4727$31892945 801 #0 $aPT$bBN$gRPC 966 ## $lBN$mFGMON$x1 971 ## $cjbeatriz$d20260609
|
|
|